Recherche, captage et aménagement des sources thermo-minérales origine des eaux thermo-minérales, géologie, propriétés physiques et chimiques ... / (Record no. 157248)

MARC details
000 -LEADER
campo de control de longitud fija 00846nam a2200193 i 4500
001 - NÚMERO DE CONTROL
campo de control 157248
003 - IDENTIFICADOR DE NÚMERO DE CONTROL
campo de control ES-MaACL
005 - FECHA Y HORA DE LA ÚLTIMA TRANSACCIÓN
campo de control 20250806050952.0
008 - DATOS DE LONGITUD FIJA--INFORMACIÓN GENERAL
campo de control de longitud fija 000922s1899 fr a |||| | fre d
040 ## - FUENTE DE CATALOGACIÓN
Centro catalogador/agencia de origen CCPB | B
Lengua de catalogación spa
Centro/agencia transcriptor CCPB | B
100 1# - ENTRADA PRINCIPAL--NOMBRE DE PERSONA
Nombre de persona Launay, Louis de (
Fechas asociadas al nombre 1860-1938)
9 (RLIN) 70603
245 10 - MENCIÓN DEL TÍTULO
Título Recherche, captage et aménagement des sources thermo-minérales origine des eaux thermo-minérales, géologie, propriétés physiques et chimiques ... /
Mención de responsabilidad, etc. par L. de Launay.
260 ## - PUBLICACIÓN, DISTRIBUCIÓN, ETC.
Lugar de publicación, distribución, etc. Paris :
Nombre del editor, distribuidor, etc. Librairie Polytechnique Baudry et Cie., éditeurs,
Fecha de publicación, distribución, etc. 1899 (
Lugar de fabricación/manufactura Évreux :
Fabricante imprimerie de Charles Hérissey)
300 ## - DESCRIPCIÓN FÍSICA
Extensión X, 635 p. :
Otras características físicas il. ;
Dimensiones 24 cm.
599 #1 - NOTA A LAS ILUSTRACIONES
NOTA A LAS ILUSTRACIONES Las il. representan zonas de aguas termo-minerales.
650 #7 - PUNTO DE ACCESO ADICIONAL DE MATERIA--TÉRMINO DE MATERIA
Término de materia o nombre geográfico como elemento de entrada Aguas minerales
Fuente del encabezamiento o término embne
9 (RLIN) 135517
852 ## - LOCALIZACIÓN
Ubicación ES-MaACL
Número de control de estantería B-4535
Nota libre -- Enc. tela
Holdings
Estatus retirado Estado de pérdida Estado de daño No para préstamo Colección Biblioteca de origen Biblioteca actual Ubicación en estantería Fecha de adquisición Fuente de adquisición Total de préstamos Signatura topográfica completa Código de barras Visto por última vez Precio de reemplazo Tipo de ítem Koha
        Libros del s. XIX Biblioteca del Ateneo de Madrid Biblioteca del Ateneo de Madrid Sala Pardo Bazán 17/01/2008     B-4535 1164550 23/02/2023 23/02/2023 Libro impreso antiguo